|
|
|
|
| LEADER |
01378nam a2200265 a 4500 |
| 001 |
00514371 |
| 003 |
GR-PaULI |
| 008 |
061018s2011 r e b 001 0 gre d |
| 020 |
|
|
|a 9789604890248
|
| 040 |
|
|
|a GR-PaULI
|b gre
|c GR-PaULI
|e AACR2
|
| 082 |
0 |
4 |
|a 610.73
|2 23
|
| 100 |
1 |
|
|a Κουρκούτα, Λαμπρινή Ι.
|9 200794
|e συγγραφέας.
|
| 245 |
1 |
0 |
|a Διαγνωστική νοσηλευτική προσέγγιση /
|c Λαμπρινή Ι. Κουρκούτα.
|
| 260 |
|
|
|a [Αθήνα] :
|b Πασχαλίδης,
|c c2011.
|
| 300 |
|
|
|a 238 σ. :
|b εικ. ;
|c 24 εκ.
|
| 490 |
1 |
|
|a Νοσηλευτική βιβλιοθήκη
|
| 500 |
|
|
|a
|5
|5
|
| 504 |
|
|
|a Περιλαμβάνει βιβλιογραφία και ευρετήριο.
|
| 650 |
|
4 |
|a Διαγνωστική, Κλινική
|2
|9 112212
|
| 650 |
|
4 |
|a Κλινική νοσηλευτική.
|2
|9 195414
|
| 830 |
|
0 |
|a Νοσηλευτική βιβλιοθήκη (Πασχαλίδης)
|9 187987
|
| 942 |
|
|
|2 ddc
|c BK
|
| 952 |
|
|
|0 0
|1 0
|2 ddc
|4 0
|6 610_730000000000000_KOY
|7 0
|9 252658
|a LISP
|b LISP
|c BSC
|d 2021-01-17
|e
|f
|i 58109
|l 24
|o 610.73 KOY
|p 025000304109
|r 2021-01-17 00:00:00
|t 1
|w 2021-01-17
|y BK15
|x 20131107
|x
|x
|
| 952 |
|
|
|0 0
|1 0
|2 ddc
|4 0
|6 610_730000000000000_ΚΟΥ
|7 0
|9 375249
|a LISP
|b LISP
|c BSC
|d 2023-11-10
|i 58373
|l 0
|o 610.73 ΚΟΥ
|p 025000304108
|r 2023-11-10 00:00:00
|t 2
|w 2023-11-10
|y BK15
|
| 999 |
|
|
|c 149431
|d 149431
|